Slovenské motocyklové noviny : slovenský motocyklový štvrťročník

Uloženo v:
Podrobná bibliografie
Médium: Seriál
Jazyk:slovenština
Vydáno: Považská Bystrica : MOTOMEDIA agency - ZDRUŽENIE
Témata:
ISSN:1336-2143
On-line přístup: Získat plný text
Tagy: Přidat tag
Žádné tagy, Buďte první, kdo vytvoří štítek k tomuto záznamu!

MARC

LEADER 00000nas a2200000 4500
003 SK-BrCVT
005 20240613134954.0
008 d199u9999xo e b slo
022 |a 1336-2143 
035 |a CVTIDW1283753 
040 |b slo  |a BA002  |e AACR2  |c CVTI SR  |d CVT 
041 0 |a slo 
044 |a xo 
080 |a 629.326(05)  |2 UDC-MRF 
080 |a 656.186(05)  |2 UDC-MRF 
080 |a 796.72(05)  |2 UDC-MRF 
245 1 0 |a Slovenské motocyklové noviny :  |b slovenský motocyklový štvrťročník 
260 |a Považská Bystrica :  |b MOTOMEDIA agency - ZDRUŽENIE 
310 |a Štvrťročník 
500 |a Vo fonde od roku:2003 
500 |a V r.2006 zanikol. 
653 1 |a motocykel  |a motocyklový šport 
910 |b C8514 
942 |2 udc  |c 15 
999 |c 171796  |d 171796 
974 |b Soňa Beutelhauserová